000 02060cab a22003255a 4500
999 _c115447
_d115447
001 L158669
008 150602s2015 xxk f l f000 0 eng d
035 _a(Sirsi) u158669
041 0 _aeng
110 2 _aUnited Kingdom
_kLaws, etc.
_95044
245 0 0 _aDeregulation Act 2015
_h[electronic resource]
260 _aLondon
_bThe Stationery Office Ltd
_c2015
520 _aRoyal Assent received 26 May 2015. Introduced a range of measures to reduce administrative burdens on business and public bodies by amending and repealing legislation. Of special interest to chartered surveyors are amendments to the Agricultural Holdings Act 1986 regarding the resolution of disputes by third party determinations; the Insolvency Act 1986 regarding authorisation of insolvency practitioners; the Countryside and Rights of Way Act 2000 and the Highways Act 1980 regarding private and public rights of way and reducing the qualifying period for the Right to Buy under the Housing Act 1985 Part 5. There are a number of key changes as to how tenancy deposits are dealt with by adding a new s 215 to the Housing Act 2004 (Principle Act) and amending the Housing (Tenancy Deposits)(Prescribed Information) Order 2007 with regards to the provision of information by agents regarding the deposit paid by tenants and procedures for dealing with non-compliance.
521 _aAdvanced
590 _aKA
650 2 4 _aDEREGULATION ACT 2015
650 2 4 _aAGRICULTURAL HOLDINGS ACT 1986
650 2 4 _aINSOLVENCY ACT 1986
650 2 4 _aCOUNTRYSIDE AND RIGHTS OF WAY ACT 2000
650 2 4 _aHIGHWAYS ACT 1980
650 2 4 _aHOUSING ACT 1985 PART V
650 2 4 _aHOUSING (TENANCY DEPOSITS) (PRESCRIBED INFORMATION) ORDER 2007
650 2 4 _aHOUSING ACT 2004
651 4 _aEngland and Wales
_y1543-
690 _aResidential property
_96266
690 _aLandlord and tenant
_96252
690 _aRural
_96268
856 4 0 _uhttps://www.legislation.gov.uk/ukpga/2015/20/contents/enacted
_zView the item free of charge online at www.legislation.gov.uk
942 _n0
_2ddc